Digitálna ekonomika, digitálne služby a daň z digitálnych služieb - hrozba alebo výzva pre normotvorcov?

Problematika digitálnej ekonomiky. Digitálne služby, ako jedny z javov digitálnej ekonomiky a ich zdaňovanie. Zdaňovanie digitálnych platforiem či zdaňovanie virtuálnych mien, tendencie zdaňovania digitálnych služieb. Návrhy právnych úprav na medzinárodnej (vrátane európskej) úrovni a na úrovni náro...

Full description

Saved in:
Bibliographic Details
Main Author: Hrabčák, Ladislav
Other Authors: Stojáková, Monika
Format: Book Chapter
Language:Slovak
Subjects:
Tags: Add Tag
No Tags, Be the first to tag this record!

MARC

LEADER 00000naa a2200000 4500
001 0263253
005 20200427191630.9
041 0 |a slo 
044 |a SK 
245 1 0 |a Digitálna ekonomika, digitálne služby a daň z digitálnych služieb - hrozba alebo výzva pre normotvorcov?  |c Ladislav Hrabčák 
520 |a Problematika digitálnej ekonomiky. Digitálne služby, ako jedny z javov digitálnej ekonomiky a ich zdaňovanie. Zdaňovanie digitálnych platforiem či zdaňovanie virtuálnych mien, tendencie zdaňovania digitálnych služieb. Návrhy právnych úprav na medzinárodnej (vrátane európskej) úrovni a na úrovni národných parlamentov. 
610 2 0 |a ekonomika nová 
610 2 0 |a digitalizácia 
610 2 0 |a služby digitálne 
610 2 0 |a zdaňovanie 
610 2 0 |a mena virtuálna 
100 1 |a Hrabčák, Ladislav 
700 1 |a Stojáková, Monika